Muppets: A to Z - Statistics

General Stats
  • This quiz has been taken 289 times
  • The average score is 9 of 22
Answer Stats
Hint Answer % Correct
A Madcap drummer for The Electric Mayhem. Animal
99%
B This scientist wears glasses despite the fact that he doesn't have any eyes. Dr. Bunsen Honeydoo
76%
K He's been around longer then any of the others. Kermit the Frog
72%
E Depending on your point of view, this monster either saved or ruined SESAME STREET. Elmo
71%
C This omnivorous creature will eat just about anything, but particularly loves to eat "himself". Cookie Monster
70%
G Just what is that hook nosed daredevil supposed to be? Gonzo the Great
69%
O Misanthropic creature who lives in a garbage can. Oscar the Grouch
66%
F You can heckle this comedian all you want, you'll never break him. Fozzie Bear
65%
J Guitar playing valley girl. Janice
48%
L Pompous co-star of "Pigs In Space" Link Hogthrob
29%
Z Female monster who is also a ballerina. Zoe
26%
H He may be big and scary looking but this shaggy blue Sesame Street resident is really a big softy. Herry
23%
Y Rodent receptionist studying to be an ultrasound technician. Yolanda
19%
S Crotchety censor who wasn't as smart as he thought he was. Sam the Eagle
17%
U Miss Piggy's scary looking wardrobe supervisor. Always handy with a lint roller. Uncle Deadly
17%
T Nervous Pervous with a love for triangles and playing the tuba. Telly Monster
16%
M Philosophical female Fraggle. Mokey
13%
P Goody-goody who likes to play the piano and put on little school plays. Prairie Dawn
13%
D Self critical composer with a penchant for banging his head up against the piano keyboard. Don Music
12%
W Excitable Fraggle who often wears a Hawaiian shirt. Wembly
12%
R Long retired SESAME STREET muppet who was so smart they named his elementary school after him. Roosevelt Franklin
10%
N Little infant monster and the "secret identity" of Super Baby. Natasha
8%
No matching quizzes found
Score Distribution
Percent of People with Each Score
Percentile by Number Answered
Your Score History
You have not taken this quiz